00681nam a2200229Ia 4500003000900000008004100009040001300050040001300063041000800076100001900084245005100103250001100154260001400165260000900179300001100188300001000199490002700209490000600236942000700242999001700249952018500266IT-RoPAU120407s9999 xx 000 0 und d aIT-RoPAU cIT-RoPAU aita aEmmanuel Anati aI camuni. Alle radici della civiltà europea. aMilano aJaca Book c1980 a200 p. c23 cm aGià e non ancora,,55 v1 cBK c28329d28329 00102ddc406913_40000000000000071aPAULUSbPAULUSd2012-04-11l0o913.40r2012-04-11 00:00:00w2012-04-11yBKzInserito da: Anna In data: n.d. fondo: Via A.Severo 56 Progr:10651